|
|
|
|
| LEADER |
00905nam a2200229 u 4500 |
| 001 |
10084620 |
| 003 |
GR-PaULI |
| 005 |
20210117202501.0 |
| 008 |
100427s1970 us eng |
| 952 |
|
|
|0 0
|1 0
|2 ddc
|4 0
|6 Π_570_300000000000000_ENC
|7 0
|9 90171
|a LISP
|b LISP
|c REF
|d 2016-04-24
|i 101272
|l 0
|o Π 570.3 ENC
|p 025000007382
|r 2016-04-24 00:00:00
|t 1
|v 2016.00
|w 2016-04-24
|y BKN
|
| 999 |
|
|
|c 60386
|d 60386
|
| 040 |
|
|
|a GR-PaULI
|c GR-PaULI
|b gre
|e AACR2
|
| 082 |
0 |
4 |
|a 570.3
|2 23
|
| 245 |
0 |
4 |
|a The encyclopedia of the biological sciences /
|c edited by Peter Gray.
|
| 250 |
|
|
|a 2nd ed.
|
| 260 |
|
|
|a New York :
|b Van Nostrand Reinhold Company,
|c 1970.
|
| 300 |
|
|
|a xxv, 1027 σ. :
|b εικ. ;
|c 26 εκ.
|
| 504 |
|
|
|a
|
| 650 |
|
4 |
|9 86570
|a Βιολογία
|x Εγκυκλοπαίδειες και λεξικά.
|
| 700 |
1 |
|
|a Gray, Peter,
|d 1908-
|e επιμελητής.
|9 3924
|
| 942 |
|
|
|2 ddc
|c BKN
|
| 998 |
|
|
|c ΜΠΟΥΡΑΣ
|d 2019-11
|